Economía internacional

Gespeichert in:
Bibliographische Detailangaben
Hauptverfasser: Appleyard, Dennis R (VerfasserIn), Field, Alfred J (VerfasserIn)
Format: Buch
Sprache:Spanisch
Veröffentlicht: Bogotá McGraw-Hill Interamericana 2003
Ausgabe:2a. ed
Schlagworte:
Tags: Tag hinzufügen
Keine Tags, Fügen Sie den ersten Tag hinzu!

MARC

LEADER 00000nam a2200000 a 4500
001 UCK3033
003 CL-VaPUC
005 20240617165551.0
008 050408e20030000CK |||||||||||||||||spa|d
999 |c 312379  |d 312377 
020 |a 9584103377 
040 |c Pontificia Universidad Católica de Valparaíso 
082 0 4 |a 337  |b APP  |2 21 
100 0 |a Appleyard, Dennis R  |e author  |9 491071 
245 1 0 |a Economía internacional 
250 |a 2a. ed 
260 |a Bogotá  |b McGraw-Hill Interamericana  |c 2003 
300 |a 742 p 
583 |a last modification  |c 20050408 00:00:00  |k Rodrigo Vera 
650 0 |a Economía internacional  |9 258254 
650 0 |a Comercio  |9 255341 
650 0 |a Comercio exterior  |9 257617 
650 0 |a Política comercial  |2 CL-VaPUC  |9 259070 
650 0 |a Política económica   |2 CL-VaPUC  |9 255029 
700 0 |a Field, Alfred J  |e author  |9 491072 
942 |c BK  |2 ddc 
945 |d 20050408 00:00:00  |a cmena 
952 |0 0  |1 0  |4 0  |6 337_000000000000000_APP_2003  |7 0  |8 R  |9 382687  |a BIBENE  |b BIBENE  |d 2019-11-21  |i 4109503  |l 2  |o 337 APP 2003  |p 4109503  |r 2025-01-15  |s 2023-05-12  |w 2019-11-21  |y BK_R  |k ICO 
952 |0 0  |1 0  |4 0  |6 337_000000000000000_APP_2003  |7 0  |8 R  |9 382688  |a BIBENE  |b BIBENE  |d 2019-11-21  |i 4109511  |l 9  |o 337 APP 2003  |p 4109511  |r 2025-01-15  |s 2023-05-05  |w 2019-11-21  |y BK_R  |k ICO 
952 |0 0  |1 0  |4 0  |6 337_000000000000000_APP_2003  |7 0  |8 R  |9 382689  |a BIBENE  |b BIBENE  |d 2019-11-21  |i 410952K  |l 2  |m 1  |o 337 APP 2003  |p 410952K  |r 2025-01-15  |s 2022-03-29  |w 2019-11-21  |y BK_R  |k ICO 
952 |0 0  |1 0  |4 0  |6 337_000000000000000_APP_2003  |7 0  |8 R  |9 382690  |a BIBENE  |b BIBENE  |d 2019-11-21  |i 4109538  |l 3  |o 337 APP 2003  |p 4109538  |r 2025-01-15  |s 2024-05-06  |w 2019-11-21  |y BK_R  |k ICO 
952 |0 0  |1 0  |2 ddc  |4 0  |6 337_000000000000000_APP_2003  |7 0  |8 R  |9 382691  |a BIBENE  |b BIBENE  |d 2019-11-21  |i 4332539  |o 337 APP 2003  |p 4332539  |r 2024-01-16  |w 2019-11-21  |y BK_R  |k ICO